Quizzes
Events
Quiz Creation
Community
Videos
Private Events
Remove Ads
Sign In
Join for FREE
Feedback
Dark Mode
Quiz Categories
Sports
Geography
Music
Movies
Television
Just For Fun
Miscellaneous
History
Literature
Language
Science
Gaming
Entertainment
Religion
Holiday
For Kids
Quiz Lab
Recent
Popular Today
Quiz Kudos Today
Editor Picks
Curator Picks
Quizzes by...
Day
Popularity
Type
Ratings
Length
Year
Community
Subscriptions
Recent Discussions
Orange Saloon
Badges
Playlists
Quests
Create
Leaderboards
Showdown
Live 5
Trivia Bingo
Activity
Puzzle Library
Sporcle Events
Private Events
Virtual Trivia
Globe League
Become a Host
Pub Owners
SporcleCon
Opinionation
Our Games
Videos
Blog
Mobile Apps
Partnerships
Remove Ads and Go Orange
Feedback
Television
TV Characters
TV Show
Sitcom
Network
Friends
Reality Shows
Cast
South Park
Star Trek
The Simpsons
Doctor Who
Television
TV Characters
TV Show
Sitcom
Network
Friends
Reality Shows
Cast
South Park
Star Trek
The Simpsons
Doctor Who
Random Quiz
Search Sporcle
×
Quiz Lab
Quiz Lab
Television
Show
Type in answers that appear in a list
Type in answers that appear in a list
Classic
Best Score? Go Orange.
TV Catchphrases Stats
Can you name the TV Catchphrases?
By
laura11_90
7m
25 Questions
161 Plays
161 Plays
161 Plays
Comments
Comments
Give Quiz Kudos
Give Quiz Kudos
-
- Ratings
hide this ad
Random Order
Randomize order of answers
Randomize order of answers
Replay
Link that replays current quiz
Next Quiz
Link to next quiz in quiz playlist
You Got
0%
They Got
Avg Score
30%
Avg Friend Score
Upgrade to see
Score Distribution
Jump to the score distribution portion of the page
Score
0/25
Timer
07:00
0
Plays Today
Catchphrases
Character
% Correct
'D'oh!'
Homer Simpson
78.3%
'I pity the fool!'
Mr. T
73.3%
'Good grief'
Charlie Brown
57.8%
aaaayyyy
The Fonz
52.2%
'How rude!'
Stephanie Tanner
47.8%
'Giggidi Giggidi, Giggidi Goo'
Glen Quagmire
44.7%
'How you doin'?'
Joey Tribbiani
44.1%
'Person voted out, must leave the tribal council area immediately'
Jeff Probst
42.9%
'That's what she said'
Michael Scott
41.6%
'Well, isn't that special?'
Dana Carvey
41%
'Here's Johnny!'
Ed McMahon
39.1%
'Suit up!'
Barney Stinson
34.2%
'Cut It Out!'
Joey Gladstone
25.5%
Catchphrases
Character
% Correct
'XOXO (name of show)'
Gossip Girl
22.4%
'Have mercy!'
Jesse Katsopolis
18%
'Gee, Mrs. Cleaver ...'
Eddie Haskell
18%
'Make it work!'
Tim Gunn
17.4%
'What you talkin' 'bout, Willis?'
Arnold Jackson
14.9%
'Schwing!'
Mike Myers and Dana Carvey as Wayne and Garth
14.3%
'Let's get ready to rumble!'
Michael Buffer
12.4%
'I know!'
Monica Geller
8.7%
'Book'em Danno!'
Steve McGarrett
6.8%
'Sock it to me'
Judy Carne
4.3%
'A-
Duh!'
Hilary Banks
1.2%
'Hell to the no!'
Whitney Houston
0.6%
Quiz Playlist
Details
Report
Send in Message
Add To Playlist
Classic:
Type in answers that appear in a list
Random Order:
Randomize order of answers
Last Updated: Feb 16, 2017
Quiz Scoreboard
CHALLENGE
Sign Up to Join the Scoreboard
Show All
Scores
Hide
Comments
May contain spoilers
Recently Published
Popular People in 1961
by mucciniale
History
6m
1-10 Letter E Words III
by El_Dandy
Language
2m
One Thing in Common: World Cities II
by knightlancer
Geography
7m
More to Explore
Quiz From the Vault
Featured Blog Post
Where Did the Easter Bunny Come From?
hide this ad
You Might Also Like...
Tags
Show Quiz
catchphrase
Character
Today's Top Quizzes in Television
Browse Television
hide this ad
Today's Top Quizzes in Show
Browse Show
Top Contributed Quizzes in Television
1
One Piece Logic Puzzle
2
Survivor Logic Puzzle: Heroes vs. Villains
3
Survivor Seasons
4
Survivor Season by Logo
5
Survivor Trivia
6
Survivor Logic Puzzle: Winners at War
7
Ultimate Survivor Logic Puzzle
8
Phoebe Buffay Quotes
9
One Thing in Common: Television
10
Who Wants to Be a Millionaire?
Explore More
Trending Topics
NBA
Anime
Harry Potter
Kpop
Crossword
Marvel
Disney
Country
Song
The Office
WWE
Soccer
Puzzle
NFL
Pokémon
hide this ad
More By:
laura11_90
Quiz
Plays
Rating
Category
Featured
Created
TV Catchphrases
161
1.40
Television
Oct 10, 2010
Go to Creator's Profile
Score Distribution
Quiz Creator Spotlight
laura11_90
Follow
Send a Message
Quizzes Created
-
Created Quiz Play Count
-
More By This Creator
Popular Quizzes Today
1
Find the US States - No Outlines Minefield
2
Find the Countries of Europe - No Outlines Minefield
3
The Countries of the World
4
Popular People in 1961
5
1-10 Letter E Words III
6
Find the US States
7
One Thing in Common: World Cities II
8
US States
More Television Quizzes
Famous TV Game Shows
Published
Trending Quizzes
Risky Map Clicking: Least Populous States A-Z
1-10 Letter F Words
1-10 Letter G Words
One Thing in Common: United Kingdom
Risky Map Clicking: Next State Alphabetically
Recently Updated
Leaping Animals
pecheneg
Reality TV Shows (A-Z)
bhenderson79
Rickey Henderson's Hall of Fame Teammates
pecheneg
Champions League XIs: Arsenal
pecheneg
Quick Pick: Celebrities in WWE's Hall of Fame
aduchscher
A-Z Keypad Blitz II
pecheneg
Multiple Oscar Actors
pecheneg
Mystery Phrase Blitz: Oscar 'Best Actors'
pecheneg
F. Scott Fitzgerald Novels
LTH
Pick 3 Villains
ddd62291
Trending Topics
Anime
Kpop
Crossword
NBA
Marvel
Harry Potter
Disney
Pokémon
Song
The Office
Country
WWE
Puzzle
Soccer
NFL
Your Account Isn't Verified!
In order to create a playlist on Sporcle, you need to verify the email address you used during registration. Go to your
Sporcle Settings
to finish the process.
Report this User
Report this user for behavior that violates our
Community Guidelines
.
Details:
Send Report
Go to the Sporcle.com Mobile Site →
Comments